000 00363nam a22001337a 4500
008 260530b |||||||| |||| 00| 0 eng d
020 _a9789381275252
082 _a001917
100 _aH. V. Nagaraja Rao
245 _aDarshana Sahitya Kshetra Karnatakasya Yogadanam
260 _aBangalore
_bPoorna Prajna Samshodhan Trust
_c2013
300 _a264p
942 _2ddc
999 _c1494
_d1494